000 00670nam a2200253Ia 4500
003 OSt
005 20220918174827.0
006 a|||||r|||| 00| 0
007 ta
008 220917b |||||||| |||| 00| 0 eng d
024 _a14,297
037 _cTextual
040 _aARTS
_cARTS
_beng
041 _2eng
_aeng
082 _aNz7, K4
100 _aTomas Vincent
_951891
245 0 _aCreativity in the arts
260 _aEnglewood
_bCliffs Prentice Hall
_c1964
300 _aix, 110p.
_ccm.
490 _aContemporary perspectives in philosophy series
650 _aARTS
942 _hNz7, K4
_cTEXL
_2CC
999 _c154851
_d154851